O helicóptero atarantado (Registo nº 5935)

Detalhes MARC
000 -Etiqueta do registo
Valores 00822cam a2200253 4500
100 ## - Dados gerais de processamento
Dados gerais 20211231d1979 c||y0pory5003 ba
200 1# - Titulo e menção de responsabilidade
Título próprio O helicóptero atarantado
Primeira menção de responsabilidade criação e realização Almat
Outras menções de responsabilidade colab. Francesco Bellesia, Giorgio Citelli, Anna Maria Corradi
-- trad. Manuel Ruas
210 ## - Publicação
Local de publicação Lisboa
Nome do editor Plátano
Data de publicação cop. 1979
215 ## - Descrição física 
Paginação / Volumes 12 p.
Outras indicações físicas il.
Dimensões 22 cm
225 2# - Colecção 
Título próprio da colecção Os contos do tio Hortelão
606 ## - Nome comum usado como assunto
ID Autoridade 14
Palavra de ordem Literatura infantil
606 ## - Nome comum usado como assunto
ID Autoridade 13
Palavra de ordem Literatura Estrangeira
675 ## - CDU
Notação 82-93
Edição BN
Língua por
675 ## - CDU
Notação 821.1/.8
Edição BN
Língua por
700 ## - Autor principal (pessoa individual)
Apelido Almat
ID Autoridade 5623
702 ## - Autor secundário (pessoa individual)
Apelido Ruas
Nome Manuel
ID Autoridade 4708
702 ## - Autor secundário (pessoa individual)
Apelido Bellesia
Nome Francesco
ID Autoridade 5624
702 ## - Autor secundário (pessoa individual)
Apelido Citelli
Nome Giorgio
ID Autoridade 5625
702 ## - Autor secundário (pessoa individual)
Apelido Corradi
Nome Anna Maria
ID Autoridade 5626
801 #0 - Fonte de origem
País PT
Agência BMVN
Regras de catalogação RPC
830 ## - Notas gerais do catalogador
Criado por Ana Caetano
Data de criação 31/12/2021
990 ## - Elementos KOHA
Tipo de documento Livro
Exemplares
Situação do levantamento Biblioteca de origem Código de barras Cota Permissão de empréstimo Tipo de documento Forma de aquisição
  Biblioteca Municipal de Vendas Novas 100000007970 LI EST/HEL   Livro  

Powered by Koha